<?xml version="1.0" encoding="UTF-8"?>
<record
    xmlns:xsi="http://www.w3.org/2001/XMLSchema-instance"
    xsi:schemaLocation="http://www.loc.gov/MARC21/slim http://www.loc.gov/standards/marcxml/schema/MARC21slim.xsd"
    xmlns="http://www.loc.gov/MARC21/slim">

  <leader>01181nam a22002057a 4500</leader>
  <controlfield tag="003">IT-MiCISF</controlfield>
  <controlfield tag="005">20250915094615.0</controlfield>
  <controlfield tag="008">250915b        |||||||| |||| 00| 0 eng d</controlfield>
  <datafield tag="020" ind1=" " ind2=" ">
    <subfield code="a">9788801069150</subfield>
  </datafield>
  <datafield tag="040" ind1=" " ind2=" ">
    <subfield code="c">IT-MiCISF</subfield>
  </datafield>
  <datafield tag="100" ind1=" " ind2=" ">
    <subfield code="a">Basso Aldo</subfield>
    <subfield code="9">62602</subfield>
  </datafield>
  <datafield tag="245" ind1=" " ind2=" ">
    <subfield code="a">I bambini ci parlano.</subfield>
    <subfield code="b">Genitori e insegnanti in ascolto dei piccoli</subfield>
  </datafield>
  <datafield tag="260" ind1=" " ind2=" ">
    <subfield code="a">Torino,</subfield>
    <subfield code="b">ElleDiCi, </subfield>
    <subfield code="c">2024</subfield>
  </datafield>
  <datafield tag="300" ind1=" " ind2=" ">
    <subfield code="a">pp. 166</subfield>
  </datafield>
  <datafield tag="500" ind1=" " ind2=" ">
    <subfield code="a">educazione-bambini, educazione-genitori</subfield>
  </datafield>
  <datafield tag="520" ind1=" " ind2=" ">
    <subfield code="a">Il libro raccoglie una nutrita serie di episodi, dove sono protagonisti i bambini i quali, nelle normali e pi&#xF9; diverse situazioni quotidiane, offrono messaggi che interpellano gli educatori e non raramente esprimono in maniera ingenua e nella massima semplicit&#xE0; quegli interrogativi che sollecitano il pensiero umano e lo tengono continuamente sveglio. Gli episodi, raccolti direttamente da genitori o da insegnanti (in particolare della scuola dell&#x2019;infanzia, ma non solo), sono commentati in alcune brevi considerazioni. Sono riflessioni brevi: spunti per pensare, punti interrogativi, sollecitazioni ad ascoltare e comprendere.</subfield>
  </datafield>
  <datafield tag="650" ind1=" " ind2=" ">
    <subfield code="a">Educazione</subfield>
  </datafield>
  <datafield tag="654" ind1=" " ind2=" ">
    <subfield code="a">saggio</subfield>
  </datafield>
  <datafield tag="942" ind1=" " ind2=" ">
    <subfield code="2">ddc</subfield>
    <subfield code="c">BK</subfield>
  </datafield>
  <datafield tag="999" ind1=" " ind2=" ">
    <subfield code="c">360619</subfield>
    <subfield code="d">360619</subfield>
  </datafield>
  <datafield tag="952" ind1=" " ind2=" ">
    <subfield code="0">0</subfield>
    <subfield code="1">0</subfield>
    <subfield code="2">ddc</subfield>
    <subfield code="4">0</subfield>
    <subfield code="6">A_2496_000000000000000</subfield>
    <subfield code="7">1</subfield>
    <subfield code="a">CISF</subfield>
    <subfield code="b">CISF</subfield>
    <subfield code="d">2025-09-15</subfield>
    <subfield code="l">0</subfield>
    <subfield code="o">A2496</subfield>
    <subfield code="p">9788801069150</subfield>
    <subfield code="r">2025-09-15 09:46:31</subfield>
    <subfield code="w">2025-09-15</subfield>
    <subfield code="y">BK</subfield>
  </datafield>
</record>
